000 01308cam a2200229 4500
001 ABS67276
008 031121n2003 000 0 eng u
035 _a(Sirsi) u124421
100 _aJohnston, B.
245 _aConsultants survey
260 _c2003
490 _aPlanning (for the Natural and Built Environment)
_v14 November 2003, 15-30(10)
520 _aDiscusses the results of a recent survey of planning consultants. Reports on planning consultancy market growth in 2003 in terms of fees sector by sector, identifies main employers of women and student planners, ranks consultancies by number of chartered town planners employed in UK offices and by fee earning capacity. Identifies main planning teams in the UK regions with an indepth map of the southeast region. Lists high-earning UK planning consultancies by planning fee income in total and by individual sector providing details of planning fee income, total fee income and average planning income. Concludes with a list of client profiles for high earning planning consultancies. Tables.
590 _aABS
650 _aRANKINGS
650 _aPLANNING CONSULTANTS
650 _aTOWN PLANNERS
650 _aFEE EARNERS
650 _aINCOME
690 _aENVIRONMENTAL AND LAND CONSULTANCY-PLANNING AND DEVELOPMENT
942 _n0
999 _c73825
_d73825